01233nam a2200229Ia 4500003000900000008004100009020003000050022002200080022002300102040001600125100002700141245007500168260013300243300002000376490002700396700003000423700002800453856022400481942000700705999001700712952027400729IN-BaIIA211028s9999 xx s 000 0 eng d a978-1-107-19245-4 (Print) a1743-9213 (Print) a1743-9221 (Online) cIIA Library aTarchi, A., ed.940725 0aAstrophysical Masers: Unlocking the Mysteries of the Universeh[eBook] aCambridge bCambridge University Press c2018 aOnline resource aIAU Symposium; no. 336 aCastangia, P., ed.940726 aReid, M. J., ed.915796 uhttps://www.cambridge.org/core/journals/proceedings-of-the-international-astronomical-union/issue/astrophysical-masers-unlocking-the-mysteries-of-the-universe/024C8F71836A32451299A8FFC4BAC933yClick Here to Access eBook cEB c22045d22045 00104070aBANbBANd2014-04-01eCUPl0pEB1505r2021-11-05uhttps://www.cambridge.org/core/journals/proceedings-of-the-international-astronomical-union/issue/astrophysical-masers-unlocking-the-mysteries-of-the-universe/024C8F71836A32451299A8FFC4BAC933w2021-11-05yEB